|
|
|
|
| LEADER |
02008nam a2200541 a 4500 |
| 001 |
nkc20071783406 |
| 003 |
CZ PrNK |
| 005 |
20080312160318.0 |
| 007 |
ta |
| 008 |
080116s2007 xr a e 000 acze |
| 015 |
|
|
|a cnb001783406
|
| 020 |
|
|
|a 978-80-7391-017-4
|q (váz.)
|
| 035 |
|
|
|a (OCoLC)228601855
|
| 040 |
|
|
|a ABA001
|b cze
|
| 043 |
|
|
|a e-xr---
|
| 045 |
|
|
|a x6x9
|
| 072 |
|
7 |
|a 72/76
|x Výtvarné umění
|2 Konspekt
|9 21
|
| 072 |
|
7 |
|a 929
|x Biografie
|2 Konspekt
|9 8
|
| 080 |
|
|
|a 929
|2 MRF
|
| 080 |
|
|
|a 74/76.05.071.1
|2 MRF
|
| 080 |
|
|
|a 74/76.05
|2 MRF
|
| 080 |
|
|
|a (437.3)
|2 MRF
|
| 080 |
|
|
|a (0:82-94)
|2 MRF
|
| 080 |
|
|
|a (0:82-9)
|2 MRF
|
| 080 |
|
|
|a (084.11)
|2 MRF
|
| 100 |
1 |
|
|a Born, Adolf,
|d 1930-2016
|7 jk01012660
|4 aut
|4 ill
|
| 245 |
1 |
0 |
|a Bornova čítanka /
|c [ilustrace a průvodní texty Adolf Born ; texty medailonků Ivan Matějka]
|
| 260 |
|
|
|a Praha :
|b Slovart,
|c c2007
|
| 300 |
|
|
|a 223 s. :
|b il. (převážně barev.) ;
|c 26 cm
|
| 600 |
1 |
7 |
|a Born, Adolf,
|d 1930-2016
|7 jk01012660
|2 czenas
|
| 648 |
|
7 |
|a 20. století
|7 ch460558
|2 czenas
|
| 650 |
0 |
7 |
|a ilustrátoři
|7 ph152832
|z Česko
|y 20. století
|2 czenas
|
| 650 |
0 |
7 |
|a knižní ilustrace
|7 ph114931
|z Česko
|y 20. století
|2 czenas
|
| 650 |
0 |
9 |
|a illustrators
|z Czechia
|y 20th century
|2 eczenas
|
| 650 |
0 |
9 |
|a illustration of books
|z Czechia
|y 20th century
|2 eczenas
|
| 655 |
|
7 |
|a autobiografické vzpomínky
|7 fd131854
|2 czenas
|
| 655 |
|
7 |
|a texty
|7 fd133699
|2 czenas
|
| 655 |
|
7 |
|a obrazové publikace
|7 fd132947
|2 czenas
|
| 655 |
|
9 |
|a autobiographical reminiscences
|2 eczenas
|
| 655 |
|
9 |
|a texts
|2 eczenas
|
| 655 |
|
9 |
|a pictorial works
|2 eczenas
|
| 700 |
1 |
|
|a Matějka, Ivan,
|d 1954-
|7 xx0003817
|4 aut
|4 edt
|
| 856 |
4 |
1 |
|u http://www.digitalniknihovna.cz/mzk/uuid/uuid:97715170-e8ed-11e9-84ef-005056827e51
|y Digitalizovaný dokument
|x NDK
|
| 910 |
2 |
|
|a BOA001
|b 3-1197.770
|
| 990 |
|
|
|a BK
|
| 995 |
|
|
|a 01
|
| 991 |
|
|
|b 200801
|c NOV
|
| 996 |
6 |
|
|b 2610330542
|c 3-1197.770
|l MZK
|r Sklad / do 1 hodiny
|n 6
|p p.v.
|w 000882737
|u 000010
|a 1
|e BOA001
|j MZK50
|s P
|